| 000 | 00539nam a2200181Ia 4500 | ||
|---|---|---|---|
| 003 | IN-BaIIA | ||
| 008 | 211028s9999 xx 000 0 eng d | ||
| 040 | _cIIA Library | ||
| 080 |
_a551.510.5 _bMIT |
||
| 100 |
_aMitra, A. P. _95215 |
||
| 245 | 0 |
_aIonosphere and space science _cA. P. Mitra |
|
| 260 |
_aDelhi _bNational Physical Laboratory _c1964 |
||
| 300 | _a196p. | ||
| 650 | _aAstronomy and Astrophysics Thesaurus | ||
| 650 | _aIonosphere | ||
| 650 | _aSpace Science | ||
| 942 | _cBK | ||
| 999 |
_c2922 _d2922 |
||